Music Quiz

Random Music or The Beatles Quiz

Beatles Clip Challenge Quiz Stats

 Plays Quiz Updated Jun 20, 2016

Also try: TV Theme Challenge
Challenge
Share
Tweet
Score 0/100 Timer 20:00
4 Plays Today
Time Song % Correct
0:00Hey Jude
97.5%
0:12Come Together
92.2%
0:06Can't Buy Me Love
90.4%
1:06Let It Be
90%
1:24Yellow Submarine
87.4%
3:54Here Comes The Sun
81.6%
2:18With A Little Help From My Friends
81%
0:24She Loves You
79.7%
1:00Drive My Car
78.5%
5:30Twist And Shout
77.9%
2:36Eight Days A Week
77.4%
6:12Yesterday
76.5%
2:42We Can Work It Out
76.4%
3:48Penny Lane
75.1%
2:24Octopus's Garden
74.6%
8:06Eleanor Rigby
73.9%
2:48Something
73.9%
1:42Ticket To Ride
73.4%
7:24Hello, Goodbye
73.2%
7:00Lucy In The Sky With Diamonds
72.9%
3:12I Feel Fine
72.2%
4:54Paperback Writer
71.9%
8:42Revolution
71.7%
2:12Love Me Do
71.7%
0:18Norwegian Wood (This Bird Has Flown)
71.7%
3:18Sgt. Pepper's Lonely Hearts Club Band
71.4%
7:30Get Back
71.2%
5:24Day Tripper
70.9%
8:30Help!
70.4%
0:42And I Love Her
69.1%
7:42I Am The Walrus
68.8%
5:00All My Loving
68.7%
9:18All You Need Is Love
68.4%
5:42Lady Madonna
67.5%
Time Song % Correct
0:30The Fool On The Hill
66.8%
4:18I Want To Hold Your Hand
66.6%
6:00Helter Skelter
65.4%
6:42Across The Universe
65.3%
4:24Strawberry Fields Forever
65.1%
3:06Maxwell's Silver Hammer
64.7%
5:54Nowhere Man
64.7%
7:36In My Life
64%
6:30Ob-La-Di, Ob-La-Da
63.7%
6:24Michelle
63.3%
9:48A Hard Day's Night
62.9%
2:06Oh! Darling
62.5%
7:54Taxman
62%
8:36I Saw Her Standing There
61.7%
4:42You've Got To Hide Your Love Away
61.6%
9:42A Day In The Life
60.7%
9:00Back In The U.S.S.R.
59.7%
1:48Magical Mystery Tour
59%
4:06Rocky Raccoon
58.9%
6:06The Ballad Of John And Yoko
58.6%
8:12While My Guitar Gently Weeps
56.2%
9:12Dear Prudence
56%
0:36I'll Follow The Sun
55.6%
6:48When I'm 64
55.3%
3:42Please, Please Me
55%
5:48Being For The Benefit Of Mr. Kite!
54.9%
1:18From Me To You
54%
0:54You Never Give Me Your Money
53.5%
7:48The Long And Winding Road
53.3%
4:12Glass Onion
53.1%
6:36I Want You (She's So Heavy)
53.1%
2:00Julia
52.9%
3:24Mean Mr. Mustard
52.8%
3:30I'm Looking Through You
52.5%
Time Song % Correct
4:00I've Just Seen A Face
52.3%
8:00Got To Get You Into My Life
51.7%
7:18Please Mr. Postman
51.6%
1:36Rock And Roll Music
51.5%
1:30She Came In Through The Bathroom Window
50.9%
4:30Getting Better
50%
0:48Don't Let Me Down
49.9%
5:06If I Fell
49.4%
1:12You Won't See Me
48.9%
9:06Do You Want To Know A Secret
48.8%
5:12Good Day Sunshine
47.9%
8:24Money (That's What I Want)
47.6%
7:12Lovely Rita
47.5%
2:30Your Mother Should Know
46.9%
9:30Birthday
46.1%
8:48Roll Over Beethoven
45.4%
1:54Baby, You're A Rich Man
44.8%
6:18The Night Before
44.2%
3:00Run For Your Life
43.7%
8:54Girl
43.5%
4:48Wait
39.1%
9:54Carry That Weight
37.6%
3:36I'm A Loser
37.5%
8:18P.S. I Love You
36.9%
2:54Blue Jay Way
36.4%
6:54Things We Said Today
33.4%
5:36I Should Have Known Better
31.9%
7:06Any Time At All
31%
9:24It's Only Love
29.6%
4:36Old Brown Shoe
28.2%
9:36Dizzy Miss Lizzy
28.1%
5:18I Want To Tell You
27.1%

You're not logged in!

Compare scores with friends on all Sporcle quizzes.
OR
Log In

You Might Also Like...

Show Comments

Extras

Top Quizzes Today


Score Distribution

Your Account Isn't Verified!

In order to create a playlist on Sporcle, you need to verify the email address you used during registration. Go to your Sporcle Settings to finish the process.

Report this User

Report this user for behavior that violates our Community Guidelines.

Details: